00380nam a22001457a 4500003000400000008004100004020001800045100001800063245005200081250000800133260003100141440000900172650003300181700002000214OSt210205b ||||| |||| 00| 0 eng d a9788131257739 aHall, John E  aGuyton and Hall: Textbook of Medical Physiology a3rd aNew DelhibElsevier c2021 a1011 aHuman Anatomy and Physiology aHall, Michael.E